Az ügyészség magánjogi tevékenysége a bírósági eljárásokban

Elmentve itt :
Bibliográfiai részletek
Szerző: Sulyok Nóra
További közreműködők: Szabó Imre (Témavezető)
Dokumentumtípus: Szakdolgozat
Megjelent: 2005
Tárgyszavak:
Online Access:http://diploma.bibl.u-szeged.hu/29537
LEADER 00570nta a2200157 i 4500
001 dipl29537
005 20130314090406.0
008 110706s2005 hu om 0|| zxx d
040 |a SZTE Diploma Repozitórium  |b hun 
041 |a zxx 
100 1 |a Sulyok Nóra 
245 1 3 |a Az ügyészség magánjogi tevékenysége a bírósági eljárásokban  |h [elektronikus dokumentum] /  |c Nóra Sulyok 
260 |c 2005 
650 4 |a Jogi és igazgatási tanulmányok 
700 1 |a Szabó Imre  |e ths 
856 4 0 |u http://diploma.bibl.u-szeged.hu/id/eprint/29537/1/2005_sulyok_nora.pdf  |z Dokumentum-elérés